Dziurok, Adam, 1972-. Śląskie rozrachunki. - Warszawa : Kaczmarski. - 2000 [Rezension]

Titel: Dziurok, Adam, 1972-. Śląskie rozrachunki. - Warszawa : Kaczmarski. - 2000 [Rezension]
Verfasser:
In: Borussia, Band 29 (2003), Seite 166-169
alle Artikel anzeigen
Veröffentlicht: 2003
Format: Aufsatz
Sprache: Polnisch
Kein Bild verfügbar
X
alg: 39509339
001A    $01999:12-11-16 
001B    $01999:04-08-21 $t21:04:32.000 
001D    $01999:12-11-16 
001U    $0utf8 
001X    $00 
002@    $0Aox 
003@    $0395093392 
007A    $0395093392 $aHEB 
007T    $0Herd67018 
010@    $apol 
011@    $a2003 
021A    $aDziurok, Adam, 1972-. Śląskie rozrachunki. - Warszawa : Kaczmarski. -  2000 [Rezension] 
028A    $#Madajczyk, Piotr Włodzimierz $7103546723 $8Madajczyk, Piotr$Z1959- [Tp1] $9138936811 
031A    $d29 $h166-169 $j2003 
039B    $aIn $8--Abvc--. Borussia. - Olsztyn : [Verlag nicht ermittelbar], 1991-2017. - ISSN 0867-6402 $x200300000290000834 $9048604585 
039T    $8--Aau--Dziurok, Adam$Z1972- [Tp1]. Śląskie rozrachunki. - Warszawa : Kaczmarski, 2000. - 282 S.. - Kt.. - ISBN 83-914160-0-3 $9099380781 
045F    $a900.9438 $eDDC23BSB 
045F/01 $a900 
045F/03 $g438 
045F/03 $g4385 
045T    $a8,1 $a7,41 

lok: 39509339 78

exp: 39509339 78 1 #EPN
201B/01 $018-11-16 $t13:43:47.000 
201U/01 $0utf8 
203@/01 $0791392023 
208@/01 $a12-11-16 $be 
209A/01 $a/ $f000 $x00 
220C/01 $aTitelaufnehmer: jk 
220C/01 $aHerkunft: HI Marburg;PBB/IH PAN 
244Z/01 $2Trx $#Silesia $#Śląsk $#Sliezsko $#Slezsko $8--Trx--Schlesien $x01 $9391173987 
244Z/01 $2Trx $#Poola $#Lenkija $#Polija $#Polen Land $#Poland $#Lengyelország $#Poľsko $#Polsko $8--Trx--Polska$gkraj $x02 $9391345966 
244Z/01 $2Trx $#arvustused $#recenzijos $#Reviews $#recenziók $#recenzje $#recenzie $#recenze $8--Trx--Rezensionen $x03 $9391357441 
247C/01 $82080>Marburg/Lahn, Herder-Institut, Forschungsbibliothek, Bibliographieportal $9336309341
LEADER 00000caa a22000002c 4500
001 395093392
003 DE-603
005 20210804210432.0
007 tu
008 161112s2003 xx |||| | u00||u|pol c
035 |a (DE-599)HEB395093392 
040 |a DE-603  |b ger  |c DE-603  |d DE-603 
041 |a pol 
082 0 4 |8 1\u  |a 900.9438  |q DE-101  |2 23/BSB 
084 |a 8,1  |a 7,41  |2 ssgn 
085 |8 1\u  |b 900 
085 |8 1\u  |z 2  |s 438 
085 |8 1\u  |z 2  |s 4385 
100 1 |a Madajczyk, Piotr  |d 1959-  |0 (DE-603)138936811  |0 (DE-588)103546723  |2 gnd 
245 0 0 |a Dziurok, Adam, 1972-. Śląskie rozrachunki. - Warszawa : Kaczmarski. - 2000 [Rezension] 
264 0 |c 2003 
773 0 8 |i In  |t Borussia  |d Olsztyn : [Verlag nicht ermittelbar], 1991-2017  |x 0867-6402  |g Band 29 (2003), Seite 166-169  |w (DE-603)048604585  |w (DE-600)1110008-4 
787 0 8 |i Rezension von  |a Dziurok, Adam, 1972-  |t Śląskie rozrachunki  |d Warszawa : Kaczmarski, 2000  |h 282 S., Kt.  |z 8391416003  |w (DE-603)099380781 
924 0 |9 2080  |a (DE-603)791392023  |b DE-2080  |c HES  |d d  |g /